Southville International School and Colleges
Your cart is empty.
  • Cart
  • Lists
    Public lists Eva Luna New books Lux_list list_1
    Your lists Log in to create your own lists
  • Log in to your account
  • Your cookies
  • Search history
Southville International School and Colleges
  • Advanced search
  • Recent comments
  • Most popular
  • Libraries

Log in to your account

Log in with GOOGLE


If you do not have an external account, but do have a local account, you can still log in:

  1. Home
  2. MARC view: Arnisekai
Normal view MARC view ISBD view

Arnisekai (Record no. 367113)

[ view plain ]
MARC details
000 -LEADER
fixed length control field 00863nam a22002417a 4500
003 - CONTROL NUMBER IDENTIFIER
control field 0
005 - DATE AND TIME OF LATEST TRANSACTION
control field 20250204152017.0
008 - FIXED-LENGTH DATA ELEMENTS--GENERAL INFORMATION
fixed length control field 250204b xxu||||| |||| 00| 0 eng d
050 ## - LIBRARY OF CONGRESS CALL NUMBER
Classification number PN 6790
Item number .S43 2024
100 ## - MAIN ENTRY--PERSONAL NAME
Personal name Secreto, Miguel Joaquin M.
245 ## - TITLE STATEMENT
Title Arnisekai
Remainder of title an isekai webtoon on the experiences of arnis.
Statement of responsibility, etc Miguel Joaquin M. Secreto and three others.
260 ## - PUBLICATION, DISTRIBUTION, ETC. (IMPRINT)
Place of publication, distribution, etc Las Pinas City
Name of publisher, distributor, etc Southville International School and Colleges
Date of publication, distribution, etc 2024
300 ## - PHYSICAL DESCRIPTION
Extent 332 pages;
Dimensions 28cm.
500 ## - GENERAL NOTE
General note Bachelor of Arts in Multimedia arts.
504 ## - BIBLIOGRAPHY, ETC. NOTE
Bibliography, etc Includes bibliographical references and appendices..
650 ## - SUBJECT ADDED ENTRY--TOPICAL TERM
Topical term or geographic name as entry element Arnis—Filipino Martial Arts.
650 ## - SUBJECT ADDED ENTRY--TOPICAL TERM
Topical term or geographic name as entry element Webtoon.
650 ## - SUBJECT ADDED ENTRY--TOPICAL TERM
Topical term or geographic name as entry element Philippine Martial Arts in Popular Culture.
700 ## - ADDED ENTRY--PERSONAL NAME
Personal name Reyes, Gabrielle John A.
700 ## - ADDED ENTRY--PERSONAL NAME
Personal name Panaligan, Mart R.
700 ## - ADDED ENTRY--PERSONAL NAME
Personal name Bagay, Christian D.
942 ## - ADDED ENTRY ELEMENTS (KOHA)
Source of classification or shelving scheme Library of Congress Classification
Koha item type Theses
Holdings
Withdrawn status Lost status Source of classification or shelving scheme Damaged status Home library Current library Shelving location Date acquired Source of acquisition Sub Shelving location Total Checkouts Full call number Barcode Date last seen Price effective from Koha item type
    Library of Congress Classification   College Library College Library Theses Section 02/04/2025 Donation     PN 6790 .S43 2024 T1352 02/04/2025 02/04/2025 Theses

Arnisekai

APA

Secreto M. J. M., Reyes G. J. A., Panaligan M. R. & Bagay C. D. (2024). Arnisekai. Las Pinas City: Southville International School and Colleges.

Chicago

Secreto Miguel Joaquin M, Reyes Gabrielle John A, Panaligan Mart R and Bagay Christian D. 2024. Arnisekai. Las Pinas City: Southville International School and Colleges.

Harvard

Secreto M. J. M., Reyes G. J. A., Panaligan M. R. and Bagay C. D. (2024). Arnisekai. Las Pinas City: Southville International School and Colleges.

MLA

Secreto Miguel Joaquin M, Reyes Gabrielle John A, Panaligan Mart R and Bagay Christian D. Arnisekai. Las Pinas City: Southville International School and Colleges. 2024.

  • Print
  • Cite
  • Add to your cart (remove)
  • Save record
    BIBTEX Dublin Core MARCXML MARC (non-Unicode/MARC-8) MARC (Unicode/UTF-8) MARC (Unicode/UTF-8, Standard) MODS (XML) RIS
  • More searches
    Search for this title in:
    Other Libraries (WorldCat) Other Databases (Google Scholar) Online Stores (Bookfinder.com) Open Library (openlibrary.org)

Exporting to Dublin Core...

SOUTHVILLE LIBRARY

Southville International School and Colleges Library

1281 Tropical Ave. Cor. Luxembourg St., BF Homes International, Las Pinas City

Tel. No. 8256374 / 252358 Loc. 117/146

Powered by Koha